5HLuxD.jpg

KING HENRY VIII SENIOR AND PRIMARY SCHOOL LIBRARY OPAC

My body / (Record no. 1377)

000 -LEADER
fixed length control field 01529cam a2200361 i 4500
001 - CONTROL NUMBER
control field 17594429
003 - CONTROL NUMBER IDENTIFIER
control field OSt
005 - DATE AND TIME OF LATEST TRANSACTION
control field 20221229082803.0
008 - FIXED-LENGTH DATA ELEMENTS--GENERAL INFORMATION
fixed length control field 130117s2014 mnua j b 001 0 eng
010 ## - LIBRARY OF CONGRESS CONTROL NUMBER
LC control number 2012050592
020 ## - INTERNATIONAL STANDARD BOOK NUMBER
International Standard Book Number 9781476535500 (pbk.)
040 ## - CATALOGING SOURCE
Original cataloging agency DLC
Language of cataloging eng
Transcribing agency DLC
Description conventions rda
Modifying agency DLC
-- KH8
042 ## - AUTHENTICATION CODE
Authentication code pcc
082 00 - DEWEY DECIMAL CLASSIFICATION NUMBER
Classification number 612 RUS
Edition number 23
100 1# - MAIN ENTRY--PERSONAL NAME
Personal name Rustad, Martha E. H.
Fuller form of name (Martha Elizabeth Hillman),
Dates associated with a name 1975-
Relator term author
245 10 - TITLE STATEMENT
Title My body /
Statement of responsibility, etc. by Martha E.H. Rustad.
264 #1 - PRODUCTION, PUBLICATION, DISTRIBUTION, MANUFACTURE, AND COPYRIGHT NOTICE
Place of production, publication, distribution, manufacture North Mankato, Minnesota :
Name of producer, publisher, distributor, manufacturer Capstone Press,
Date of production, publication, distribution, manufacture, or copyright notice [2014]
300 ## - PHYSICAL DESCRIPTION
Extent 32 pages :
Other physical details col. ill. ;
Dimensions 23 cm.
336 ## - CONTENT TYPE
Content type term text
Source rdacontent
337 ## - MEDIA TYPE
Media type term unmediated
Source rdamedia
338 ## - CARRIER TYPE
Carrier type term volume
Source rdacarrier
490 0# - SERIES STATEMENT
Series statement Smithsonian Little Explorer.
504 ## - BIBLIOGRAPHY, ETC. NOTE
Bibliography, etc. note Includes bibliographical references (p. 31) and index.
505 0# - FORMATTED CONTENTS NOTE
Formatted contents note My body -- My cells -- My skeleton -- My muscles -- My blood -- My lungs -- My heart -- Fighting germs -- My brain and nerves -- My senses -- Fueling my body -- My glands -- Staying healthy.
520 ## - SUMMARY, ETC.
Summary, etc. "Introduces basic anatomy to young readers, including major systems and organs, health, and safety"--
Assigning source Provided by publisher.
521 1# - TARGET AUDIENCE NOTE
Target audience note 4-8.
521 2# - TARGET AUDIENCE NOTE
Target audience note K to grade 3.
650 #0 - SUBJECT ADDED ENTRY--TOPICAL TERM
Topical term or geographic name entry element Human body
Form subdivision Juvenile literature.
650 #0 - SUBJECT ADDED ENTRY--TOPICAL TERM
Topical term or geographic name entry element Human physiology
Form subdivision Juvenile literature.
906 ## - LOCAL DATA ELEMENT F, LDF (RLIN)
a 7
b cbc
c orignew
d 1
e ecip
f 20
g y-gencatlg
942 ## - ADDED ENTRY ELEMENTS (KOHA)
Source of classification or shelving scheme
Koha item type Books - Non Ficton
Holdings
Withdrawn status Lost status Source of classification or shelving scheme Damaged status Not for loan Collection code Permanent Location Current Location Shelving location Date acquired Total Checkouts Full call number Barcode Date due Date last seen Date last checked out Price effective from Koha item type
          Non-Fiction KH8 Primary School Library KH8 Primary School Library Non Fiction 2022-12-29 2 612 RUS KHPL000003154 2023-03-29 2023-03-20 2023-03-20 2022-12-29 Books - Non Ficton

Powered By KH8 IT Dept